Central Library OPAC University of Rajshahi

The Turkish empire, its growth and decay / (Record no. 26923)

MARC details
000 -LEADER
fixed length control field 00590cam a2200205u 4500
003 - CONTROL NUMBER IDENTIFIER
rucl marc code BD-RjUL
005 - DATE AND TIME OF LATEST TRANSACTION
control field 20241130133827.0
008 - FIXED-LENGTH DATA ELEMENTS--GENERAL INFORMATION
fixed length control field 241201s1957 pk bc 001 0 eng d
035 ## - SYSTEM CONTROL NUMBER
System control number (BD-RjUL
040 ## - CATALOGING SOURCE
Original cataloging agency DLC
Transcribing agency CarP
Modifying agency DLC
-- BD-RjUL
Language of cataloging eng
041 ## - LANGUAGE CODE
Language code of text/sound track or separate title eng
082 00 - DEWEY DECIMAL CLASSIFICATION NUMBER
Classification number 956.1
Author mark and year EVT 1957
Edition number 23
100 1# - MAIN ENTRY--PERSONAL NAME
Personal name Eversleay, Lord
Dates associated with a name 1832-1928.
9 (RLIN) 82752
245 04 - TITLE STATEMENT
Title The Turkish empire, its growth and decay /
Statement of responsibility, etc. Lord Eversley
260 ## - PUBLICATION, DISTRIBUTION, ETC. (IMPRINT)
Place of publication, distribution, etc. Lahore :
Name of publisher, distributor, etc. Remier book ,
Date of publication, distribution, etc. 1957
300 ## - PHYSICAL DESCRIPTION
Pagination 492 p. :
Illustrations ill. ;
Size 23 cm.
504 ## - BIBLIOGRAPHY, ETC. NOTE
Bibliography, etc Includes Index
651 #0 - SUBJECT ADDED ENTRY--GEOGRAPHIC NAME
Geographic name Turkey
General subdivision History.
9 (RLIN) 82753
942 ## - ADDED ENTRY ELEMENTS (KOHA)
Source of classification or shelving scheme Dewey Decimal Classification
Koha item type Books
Holdings
Lost status Source of classification or shelving scheme Damaged status Not for loan Collection code Permanent Location Current Location Shelving location Date acquired Source of acquisition Cost, normal purchase price Total Checkouts Full call number Date last seen Copy number Koha item type
  Dewey Decimal Classification     Non-fiction Central Library, University of Rajshahi Central Library, University of Rajshahi   05/04/1965 Permier book House 12.00   956.1 EVT 1959 24/03/2014 C-3 Books
  Dewey Decimal Classification     Non-fiction Central Library, University of Rajshahi Central Library, University of Rajshahi General Stacks 30/11/2024       956.1 EVT 1959 30/11/2024 C-2 Books